| 000 | 00666nam a2200205 i 4500 | ||
|---|---|---|---|
| 001 | 72312 | ||
| 003 | ES-MaACL | ||
| 005 | 20230906171411.0 | ||
| 007 | t| | ||
| 008 | 040830s1971 sp ||||1| spa d | ||
| 100 | 1 |
_aGiner, Salvador. _957117 |
|
| 245 | 1 | 3 |
_aLa sociedad masa _b: ideología y conflicto social / _cSalvador Giner. |
| 260 |
_a[Madrid] : _bSeminarios y Ediciones, _c[1971] |
||
| 300 |
_a151 p. ; _c18 cm. |
||
| 490 | 1 |
_aColección "Hora H" Ensayos y documentos ; _v12 |
|
| 650 | 4 |
_aSociedad de masas. _9169817 |
|
| 830 | 0 |
_aColección "Hora H" Ensayos y documentos ; _v12 _9220621 |
|
| 852 |
_aES-MaACL _jC-47597 _bR.78783 |
||
| 999 |
_c72312 _d72312 |
||